000 00706nam a2200229 4500
003 OSt
005 20240729060852.0
006 a
008 240729b |||||||| |||| 00| 0 eng d
020 _a9789710445806
040 _aDWCL-Main lib.
_cOC
082 _2Revised edition
_aFil. 700 T114a 2010
100 _aTabotabo, Claudio V.
245 _aArt appreciation : introduction to the humanities /
250 _aRevised edition
260 _aManila :
_bMindshapers Co. , Inc. ,
_cc2010.
300 _aiii,
_b195 p. : ill. ;
_c23 cm.
504 _aIncludes bibliographical references & index.
650 _a1. Arts.
650 _a2. Humanities.
942 _2ddc
_n0
_cBK - FIL
_eRevised edition
_kFil.
999 _c2909
_d2909